MDQL
is popping MORE tags! Check the
thread
!
Quizzes
Events
Quiz Creation
Community
Videos
Private Events
Remove Ads
Sign In
Join for FREE
Feedback
Dark Mode
Quiz Categories
Sports
Geography
Music
Movies
Television
Just For Fun
Miscellaneous
History
Literature
Language
Science
Gaming
Entertainment
Religion
Holiday
For Kids
Quiz Lab
Recent
Popular Today
Quiz Kudos Today
Editor Picks
Curator Picks
Quizzes by...
Day
Popularity
Type
Ratings
Length
Year
Community
Subscriptions
Recent Discussions
Orange Saloon
Badges
Playlists
Quests
Create
Leaderboards
Showdown
Live 5
Trivia Bingo
Activity
Puzzle Library
Sporcle Events
Private Events
Virtual Trivia
Globe League
Become a Host
Pub Owners
SporcleCon
Opinionation
Our Games
Videos
Blog
Mobile Apps
Partnerships
Remove Ads and Go Orange
Feedback
Just For Fun
Clickable
Get the Picture
Humor
Quick Pick
Word Ladder
Missing Word
Mixed Word
Blitz
Minefield
This or That
Alphabet
Color
Typing
Sporcle
Puzzle
Word Play
Follow That Line
Logic
Just For Fun
Clickable
Get the Picture
Humor
Quick Pick
Word Ladder
Missing Word
Mixed Word
Blitz
Minefield
This or That
Alphabet
Color
Typing
Sporcle
Puzzle
Word Play
Follow That Line
Logic
Random Quiz
Search Sporcle
×
Quiz Lab
Quiz Lab
Just For Fun
Food
Type in answers that appear in a list
Type in answers that appear in a list
Classic
Best Score? Go Orange.
Alphabetical Food Frenzy Stats
Can you name the Food Types A - Z?
By
Cocoaman
18m
200 Questions
235 Plays
235 Plays
235 Plays
Comments
Comments
Give Quiz Kudos
Give Quiz Kudos
-
- Ratings
hide this ad
More Info
Replay
Link that replays current quiz
Next Quiz
Link to next quiz in quiz playlist
You Got
0%
They Got
Avg Score
14%
Avg Friend Score
Upgrade to see
Score Distribution
Jump to the score distribution portion of the page
Score
0/200
Timer
18:00
0
Plays Today
First Letter
Food
% Correct
A
Apple
88.5%
B
Banana
69.4%
E
Egg
54.5%
B
Bread
47.2%
C
Cake
46%
S
Salmon
46%
Y
Yellow Cheese
45.5%
C
Chicken
44.7%
B
Beef Jerky
44.7%
O
Orange
44.3%
G
Grapes
42.6%
I
Ice Cream
42.6%
F
Fish
41.7%
M
Milk
41.3%
P
Pasta
40.9%
T
Tomato
40%
H
Hamburger
40%
P
Potato
39.6%
M
Milk Chocolate
37.9%
L
Lemon
37%
B
Blueberry
36.6%
D
Donut
36.6%
W
Water
35.7%
L
Lettuce
35.3%
A
Apple Pie
34.9%
P
Pizza
34%
B
Butter
33.6%
S
Strawberry
32.3%
N
Nacho Chips
32.3%
R
Red Pepper
31.9%
C
Cherry
31.5%
C
Cookie
31.1%
R
Rice
30.2%
C
Corn On The Cob
30.2%
L
Lime
29.4%
P
Pear
29.4%
V
Vegetable Salad
29.4%
S
Steak
28.9%
O
Onion
28.9%
F
French Fries
28.9%
M
Melon
28.1%
H
Hot Dog
27.7%
P
Peach
27.7%
J
Jelly
27.2%
J
Jam
27.2%
C
Cereal
26.8%
P
Pineapple
25.5%
W
Watermelon
25.5%
A
Asparagus
25.1%
E
Eggplant
25.1%
B
Blackberry
24.3%
Y
Yogurt
24.3%
S
Salt
23.8%
C
Coffee
23.8%
S
Soup
23.8%
C
Cucumber
23%
K
Ketchup
23%
Z
Zucchini
23%
M
Mustard
22.6%
M
Mango
22.6%
R
Raspberry
22.1%
P
Pancake
21.7%
T
Tuna Fish
21.3%
N
Nuts
21.3%
S
Sugar
20.9%
G
Garlic
20%
K
Kiwi Fruit
19.6%
First Letter
Food
% Correct
P
Pickle
19.6%
A
Almonds
19.1%
G
Green Olive
19.1%
G
Grapefruit
17.9%
T
Tea
17.9%
S
Soda
17.4%
B
Biscuit
17.4%
N
Noodles
17.4%
S
Sandwich
17%
O
Oatmeal
17%
A
Apple Juice
16.6%
W
Waffle
16.6%
T
Toast
15.3%
W
Wine
14.9%
C
Cola
14%
V
Vanilla
13.6%
C
Coconut
13.6%
O
Orange Juice
13.2%
S
Sushi
13.2%
O
Oil
12.3%
R
Radish
12.3%
H
Hot Chocolate
11.9%
P
Pudding
11.5%
L
Lasagna
11.1%
L
Lobster
11.1%
V
Vinegar
10.6%
D
Dates
10.2%
L
Lemonade
9.8%
C
Caramel
9.8%
L
Lollipop
9.4%
W
Walnuts
9.4%
I
Ice Pop
9.4%
B
Bubble Gum
9.4%
M
Meat Balls
9.4%
V
Veal
9.4%
C
Chewing Gum
9.4%
S
Salsa
8.9%
E
Egg Mayonaise
8.5%
A
Apple Cider
8.1%
R
Relish
8.1%
M
Maple Syrup
7.7%
D
Dark Chocolate
7.2%
T
Tangerine
6.8%
C
Cheesecake
6.4%
C
Candies
6%
P
Pepperoni
6%
R
Ravioli
6%
H
Hummus
6%
D
Dip
5.5%
G
Grape Juice
5.1%
B
Brownies
5.1%
M
Mac n Cheese
5.1%
O
OREO Cookies
5.1%
S
Sprite
4.7%
F
Fudge
4.7%
J
Jelly Beans
4.7%
L
Lima Beans
4.7%
R
Rhubarb
4.7%
H
Hazelnuts
4.3%
W
White Chocolate
4.3%
B
Black Olive
4.3%
S
Starfruit
4.3%
E
Enchilada
4.3%
E
Eclair
4.3%
L
Lychee
4.3%
D
Durian
3.8%
V
Vodka
3.8%
First Letter
Food
% Correct
W
White Cheese
3.4%
C
Cottage Cheese
3.4%
K
Kebab
3.4%
J
Jalapeno Pepper
3.4%
L
Licorice
3.4%
P
Passion Fruit
3%
P
Porridge
3%
D
Dumplings
3%
E
Eggroll
3%
F
Fanta
2.6%
C
Chocolate Chips
2.6%
L
Latte
2.6%
U
Udon Noodles
2.6%
M
Marshmellow
2.1%
C
Chilly
2.1%
M
Mocha
2.1%
G
Garlic Bread
2.1%
G
Gelato
2.1%
G
Gyro
2.1%
B
Black Cherry
1.7%
F
Fruit Salad
1.7%
S
Soy Milk
1.7%
M
Mousse
1.7%
B
Blueberry Pie
1.7%
M
M&M
1.7%
C
Cinnamon Bun
1.3%
G
Green Tea
1.3%
S
Smarties
1.3%
S
Sprinkles
1.3%
C
Candy Apple
1.3%
J
Java Coffee
1.3%
S
Smore's
0.9%
C
Candy Corn
0.9%
F
Fondue
0.9%
F
Fish Sticks
0.9%
I
Icing
0.9%
G
Gummy Bears
0.9%
O
Orange Soda
0.4%
P
Pomegrante
0.4%
C
Chocolate Syrup
0.4%
G
Green Salad
0.4%
P
Peppermint
0.4%
S
Slushie
0.4%
I
Instant Pudding
0.4%
J
Jawbreakers
0.4%
K
Kentucky Fried Chicken
0.4%
K
Kugel
0.4%
N
Nougat
0.4%
X
Xouba
0.4%
G
Gerber (Baby Food)
0.4%
S
Sunny Side Up
0%
S
Spinage
0%
B
Boloney
0%
L
Lemomint
0%
P
Pinacolada
0%
P
Potato Mash
0%
T
Truffles
0%
E
Energy Drink
0%
R
Ratatouille
0%
Y
Yakitori
0%
Z
Zatar
0%
G
Gaspacho
0%
M
Mentos
0%
T
Tahini
0%
F
Ferrero Rocher
0%
R
Rice Krispies Treats
0%
Quiz Playlist
Details
Report
Send in Message
Add To Playlist
More Info:
If you think it's gonna be easy peasy, well, you are defenatly wrong! There are A LOT of food types you need to discover, so get ready..
Classic:
Type in answers that appear in a list
Last Updated: Feb 16, 2017
Quiz Scoreboard
CHALLENGE
Sign Up to Join the Scoreboard
Show All
Scores
Hide
Comments
May contain spoilers
Recently Published
Two Season TV Shows II
by 123Four
Television
10m
Image Sorting: Flags VI
by Barbecue
Geography
2m
Find the 'City' Movie
by crazypaving
Movies
60s
More to Explore
Quiz From the Vault
Featured Blog Post
14 Easter Pick-up Lines to Find Eggs With
hide this ad
You Might Also Like...
Tags
Food Quiz
hard
large
long
Today's Top Quizzes in Just For Fun
Browse Just For Fun
hide this ad
Today's Top Quizzes in Food
Browse Food
Top Contributed Quizzes in Just For Fun
1
Name Just One - 10 to 1: Just For Fun
2
Missing Word: 2-Letter A-Z II
3
Avatar the Last Airbender: Logic Puzzle
4
Missing Letter Whitney Houston Songs
5
Missing Word: 'Of' Things A-Z
6
It's Magic / Witchcraft 🎩🪄🧙♀️
7
Survivor Winners Logic Puzzle
8
Eurovision 2024 Countries Logic Puzzle
9
Killer Double Trees 224 - Colour Match-Up
10
Click the Differences: Playground
Explore More
Trending Topics
Crossword
Disney
Kpop
Anime
NBA
Harry Potter
Marvel
The Office
Soccer
Song
Country
WWE
Puzzle
Pokémon
NFL
hide this ad
More By:
Cocoaman
Quiz
Plays
Rating
Category
Featured
Created
The Only Pokemon Thats...
7,561
1.16
Gaming
Oct 5, 2010
1 Letter Change
251
4.50
Language
Oct 9, 2010
Alphabetical Food Frenzy
235
1.17
Just For Fun
Oct 7, 2010
1 Letter Change 2
117
4.00
Language
Mar 4, 2011
Mario Party DS Items
51
Gaming
Oct 7, 2010
Go to Creator's Profile
Score Distribution
Quiz Creator Spotlight
Cocoaman
Follow
Send a Message
Quizzes Created
-
Created Quiz Play Count
-
More By This Creator
Popular Quizzes Today
1
Find the US States - No Outlines Minefield
2
Colored Red Africa Blitz
3
Find the 'City' Movie
4
5x2 Blitz: Bands
5
The Countries of the World
6
Find the Countries of Europe - No Outlines Minefield
7
Find the US States
8
US States
More Just For Fun Quizzes
Word Ladder: Man of Steel and Secret Identity
Published
Trending Quizzes
Colored Red Europe Blitz I
Colored Red Africa Blitz II
Colored Red Europe Blitz II
Colored Red Africa Blitz III
Colored Red Europe Blitz III
Recently Updated
How Do You Spell That?
pecheneg
Godzilla Movies
pecheneg
Grab Bag: 4-10 Letters
pecheneg
2024 March Madness Bracket
pecheneg
Famous TV Couples
Peacemaker
Champions League XIs: Real Madrid
pecheneg
Largest US Cities 1790-2010
pecheneg
Rides in Walt Disney World
pecheneg
Most Oscar Losses (Acting)
pecheneg
Beyoncé Albums
pecheneg
Trending Topics
Anime
Marvel
NBA
Crossword
Kpop
Disney
Harry Potter
Song
Pokémon
The Office
Soccer
Country
WWE
NFL
Puzzle
Your Account Isn't Verified!
In order to create a playlist on Sporcle, you need to verify the email address you used during registration. Go to your
Sporcle Settings
to finish the process.
Report this User
Report this user for behavior that violates our
Community Guidelines
.
Details:
Send Report
Go to the Sporcle.com Mobile Site →
Comments